Iparjogi Szemle. - 25.évf. (1931) 1-2.sz.

Elmentve itt :
Bibliográfiai részletek
Dokumentumtípus: Folyóirat
Megjelent: 1931
Sorozat:Iparjogi Szemle : az Iparjogvédelmi Egyesület közlönye 25 No. 1-2
Online Access:http://misc.bibl.u-szeged.hu/48896
LEADER 00504nas a2200133 i 4500
001 misc48896
005 20200414115555.0
008 200414s1931 hu o 0|| zxx d
040 |a SZTE Miscellanea Repozitórium  |b hun 
041 |a zxx 
245 0 0 |a Iparjogi Szemle. - 25.évf. (1931) 1-2.sz.  |h [elektronikus dokumentum] 
260 |c 1931 
490 0 |a Iparjogi Szemle : az Iparjogvédelmi Egyesület közlönye  |v 25 No. 1-2 
856 4 0 |u http://misc.bibl.u-szeged.hu/48896/1/iparjogi_szemle_1932_001_002.pdf  |z Dokumentum-elérés